Pays du Monde commençant par TA, TC, TO, TU, VA - Statistiques

Statistiques générales
  • Ce quiz a été pris 886 fois
    806 depuis la dernière actualisation
  • Le résultat moyen est 10 sur 13
Statistiques - réponses
Réponse % Correct
Turquie
87%
Togo
83%
Vanuatu
81%
Tanzanie
80%
Turkménistan
80%
Tuvalu
79%
Tchad
76%
Tunisie
76%
Vatican
74%
Tadjikistan
72%
Tchéquie
68%
Tonga
64%
Taïwan
46%
Aucun quiz correspondant
Distribution des résultats
% des personnes avec chaque résultat
Percentile par nombre de réponses
Votre historique - résultats
Vous n’avez pas pris ce quiz depuis la dernière actualisation